Central Library OPAC University of Rajshahi

Methods in social research / (Record no. 2412)

MARC details
000 -LEADER
fixed length control field 00804cam a22002771 4500
001 - CONTROL NUMBER
control field 2412
003 - CONTROL NUMBER IDENTIFIER
rucl marc code BD-RjUL
005 - DATE AND TIME OF LATEST TRANSACTION
control field 20211208233539.0
008 - FIXED-LENGTH DATA ELEMENTS--GENERAL INFORMATION
fixed length control field s1952 nyua 001 0 eng
035 ## - SYSTEM CONTROL NUMBER
System control number (BD-RjUL)2439
040 ## - CATALOGING SOURCE
Original cataloging agency DLC
Transcribing agency DLC
Modifying agency DLC
Language of cataloging eng
041 ## - LANGUAGE CODE
Language code of text/sound track or separate title eng
082 00 - DEWEY DECIMAL CLASSIFICATION NUMBER
Classification number 307.2
Edition number 16
Author mark and year GOM 1952
100 1# - MAIN ENTRY--PERSONAL NAME
Personal name Goode, William Josiah.
9 (RLIN) 7826
245 10 - TITLE STATEMENT
Title Methods in social research /
Statement of responsibility, etc. William J. Goode and Paul K. Hatt.
250 ## - EDITION STATEMENT
Edition statement 1st ed.
260 ## - PUBLICATION, DISTRIBUTION, ETC. (IMPRINT)
Place of publication, distribution, etc. New York :
Name of publisher, distributor, etc. McGraw-Hill,
Date of publication, distribution, etc. 1952.
300 ## - PHYSICAL DESCRIPTION
Pagination 386 p.
Illustrations illus.
Size 24 cm.
490 0# - SERIES STATEMENT
Series statement McGraw-Hill series in sociology and anthropology
526 ## - STUDY PROGRAM INFORMATION NOTE
Requested Dept. Social Science
650 #0 - SUBJECT ADDED ENTRY--TOPICAL TERM
Topical term or geographic name as entry element Social sciences
General subdivision Research.
9 (RLIN) 7827
700 1# - ADDED ENTRY--PERSONAL NAME
Personal name Hatt, Paul K.,
Relator term joint author.
942 ## - ADDED ENTRY ELEMENTS (KOHA)
Source of classification or shelving scheme Dewey Decimal Classification
Koha item type Books
Holdings
Lost status Source of classification or shelving scheme Damaged status Not for loan Collection code Permanent Location Current Location Shelving location Date acquired Source of acquisition Cost, normal purchase price Total Checkouts Full call number Date last seen Copy number Koha item type
  Dewey Decimal Classification     Non-fiction Central Library, University of Rajshahi Central Library, University of Rajshahi   25/09/1965 Zitlinger 58.00   307.2 GOM 1952 11/12/2013 C-5 Books
  Dewey Decimal Classification     Non-fiction Central Library, University of Rajshahi Central Library, University of Rajshahi   30/09/1965 Zeitlinger 32.60   307.2 GOM 1952 30/04/2014 C-10 Books
  Dewey Decimal Classification     Non-fiction Central Library, University of Rajshahi Central Library, University of Rajshahi   25/01/1965 Zitlinger     307.2 GOM 1952 30/04/2014 C-9 Books
  Dewey Decimal Classification     Non-fiction Central Library, University of Rajshahi Central Library, University of Rajshahi   23/01/1965 Zitlinger     307.2 GOM 1952 30/04/2014 C-2 Books
  Dewey Decimal Classification     Non-fiction Central Library, University of Rajshahi Central Library, University of Rajshahi   23/01/1965 Zitlinger 58.00   307.2 GOM 1952 30/04/2014 C-7 Books
  Dewey Decimal Classification     Non-fiction Central Library, University of Rajshahi Central Library, University of Rajshahi   25/03/1965 Zitlinger 58.00   307.2 GOM 1952 30/04/2014 C-6 Books
  Dewey Decimal Classification     Non-fiction Central Library, University of Rajshahi Central Library, University of Rajshahi   23/01/1965 Zeitlinger 58.00   307.2 GOM 1952 30/04/2014 C-8 Books
  Dewey Decimal Classification   Not For Loan Non-fiction Central Library, University of Rajshahi Central Library, University of Rajshahi Reading Room 03/04/1970 Zeitlinger 30.00   307.2 GOM 1952 30/04/2014 C-1 Books
  Dewey Decimal Classification     Non-fiction Central Library, University of Rajshahi Central Library, University of Rajshahi   29/06/1966 Misza Book Agency, 2.00   307.2 GOM 1952 30/07/2016 C-3 Books
  Dewey Decimal Classification     Non-fiction Central Library, University of Rajshahi Central Library, University of Rajshahi   14/10/1955 Allies book corp. 28.14   307.2 GOM 1952 21/12/2016 C-4 Books